All Portuguese Premier League Players - Statistics

General Stats
  • This quiz has been taken 87 times
  • The average score is 16 of 22
Answer Stats
Club Pos Former Club Answer % Correct
Man City MID Monaco Bernardo Silva
94%
Liverpool ATT Wolves Diogo Jota
92%
Man City DEF Benfica Ruben Dias
92%
Man United MID Sporting Bruno Fernandes
91%
Nottingham ATT Vitoria Jota Silva
91%
Chelsea ATT Atletico Madrid Joao Felix
88%
Chelsea ATT Wolves Pedro Neto
86%
Southampton MID Sporting Mateus Fernandes
84%
Man United DEF FC Porto Diogo Dalot
82%
Man City MID Wolves Matheus Nunes
79%
Wolves GK Olympiacos Jose Sa
78%
Everton ATT Udinese Beto
74%
Wolves DEF Barcelona Nelson Semedo
73%
Brentford MID Liverpool Fabio Carvalho
70%
Leicester City DEF FC Porto Ricardo Pereira
64%
Wolves DEF Estoril Toti Gomes
57%
Wolves ATT Valencia Goncalo Guedes
55%
Wolves ATT Braga Rodrigo Gomes
52%
Chelsea DEF Basel Renato Veiga
47%
Everton GK Youth Joao Virginia
43%
Everton ATT Sporting Youssef Chermiti
40%
Wolves ATT Ajax Carlos Forbs
30%
No matching quizzes found
Score Distribution
Percent of People with Each Score
Percentile by Number Answered
Your Score History
You have not taken this quiz